000 00768nam a22002417a 4500
005 20250722113556.0
008 250722b |||||||| |||| 00| 0 eng d
017 _aLD.5064
018 _a2025
020 _a9789785221787
040 _aNLN
_bEnglish
_eAACR2
050 _aDT515.83.A138
_bA233
082 _a922.2669
100 _aADEYEMI, Peter O.
_eaut
_966829
245 _aA shepherd in service :
_bbiography Archbishop Gabriel Leke Abegunrin /
_cPeter Oluseyi Adeyemi
260 _a[S.l.] :
_bDaily Graphics Nigerian,
_c2013
300 _axviii, 267p. :
_bcol. ports. ; 22cm.
500 _aBibliography : p. 252-255
563 _a(pbk.)
650 _aAbegunrin, Gabriel Leke, 1949-
_966830
650 _aClergy
_vNigeria
_xBiography
_98857
942 _cBK
_n0
999 _c32905
_d32905